[Event "9th NATO Chess Championship"]
[Site "Portsmouth"]
[Date "1998.10.06"]
[Round "2"]
[White "Schmidt, (DEN)."]
[Black "Benedetti, Fabrizio"]
[Result "1/2-1/2"]
[WhiteElo "2043"]
[BlackElo "2200"]
[PlyCount "87"]
[EventDate "1998.10.??"]
[EventType "swiss"]
[EventRounds "7"]
[EventCountry "ENG"]
[SourceDate "2005.09.12"]

1. e4 c5 2. Nf3 e6 3. d3 Nc6 4. g3 g6 5. Bg2 Bg7 6. O-O Nge7 7. Nbd2 O-O 8. c3
d6 9. Ne1 e5 10. a4 Be6 11. f4 d5 12. Qe2 d4 13. Ndf3 exf4 14. gxf4 dxc3 15.
bxc3 Bxc3 16. Rb1 Qd7 17. Qc2 Nd4 18. Nxd4 Bxd4+ 19. Kh1 Bh3 20. f5 Bxg2+ 21.
Qxg2 Nc6 22. Bh6 Rfe8 23. fxg6 fxg6 24. Qa2+ Kh8 25. Rf7 Re7 26. Rxe7 Qxe7 27.
Nf3 Bg7 28. Bxg7+ Qxg7 29. Qd5 Rf8 30. Ng5 Qf6 31. Qxc5 b6 32. Qe3 h6 33. Nh3
Qf3+ 34. Qxf3 Rxf3 35. Rc1 Nd4 36. Kg2 Rxd3 37. Rc8+ Kg7 38. Rc7+ Kf6 39. Rxa7
Rd2+ 40. Nf2 Nc6 41. Ra6 Rb2 42. Kg3 Rb3+ 43. Kg2 Rb2 44. Ra8 1/2-1/2

[Event "9th NATO Chess Championship"]
[Site "Portsmouth"]
[Date "1998.10.06"]
[Round "2"]
[White "Stuhr, Finn"]
[Black "Lebel, Patrick"]
[Result "0-1"]
[WhiteElo "1687"]
[BlackElo "2165"]
[PlyCount "86"]
[EventDate "1998.10.??"]
[EventType "swiss"]
[EventRounds "7"]
[EventCountry "ENG"]
[SourceDate "2005.09.12"]

1. e4 g6 2. Nf3 Bg7 3. d4 d6 4. Nc3 Nd7 5. Be3 a6 6. Bc4 e6 7. O-O b5 8. Bb3
Bb7 9. a3 Ngf6 10. Re1 O-O 11. Bg5 h6 12. Bh4 g5 13. Bg3 Nh5 14. Qd2 Qe7 15.
Rad1 Rfd8 16. Re3 Nxg3 17. hxg3 c5 18. d5 e5 19. g4 Nf6 20. Nh2 Bc8 21. f3 h5
22. Ree1 c4 23. Ba2 hxg4 24. Qxg5 gxf3 25. gxf3 Nxd5 26. Qd2 Nxc3 27. Qxc3 Be6
28. Rd2 Bh6 29. Rg2+ Kf8 30. Ree2 Bf4 31. Nf1 Bh3 32. Rgf2 Qg5+ 33. Kh1 Bxf1
34. Rxf1 Ke7 35. Rg2 Rh8+ 36. Kg1 Be3+ 37. Rff2 Qh4 38. Kf1 Bxf2 39. Rxf2 Qh1+
40. Ke2 Rh2 41. Qe3 Rxf2+ 42. Qxf2 Rh8 43. Qa7+ Kf6 0-1

[Event "9th NATO Chess Championship"]
[Site "Portsmouth"]
[Date "1998.10.06"]
[Round "2"]
[White "Toumaniantz, Rouslan"]
[Black "Grund"]
[Result "1/2-1/2"]
[WhiteElo "2090"]
[BlackElo "2345"]
[PlyCount "79"]
[EventDate "1998.10.??"]
[EventType "swiss"]
[EventRounds "7"]
[EventCountry "ENG"]
[SourceDate "2005.09.12"]

1. e4 c6 2. Nc3 d5 3. Nf3 Bg4 4. h3 Bh5 5. exd5 cxd5 6. Bb5+ Nc6 7. d4 e6 8. g4
Bg6 9. Ne5 Qb6 10. Qe2 Bb4 11. h4 Nge7 12. h5 Be4 13. O-O Qxd4 14. Nxc6 bxc6
15. Be3 Qe5 16. f4 Qb8 17. Nxe4 Qxb5 18. Qxb5 cxb5 19. Nf2 Kd7 20. a4 bxa4 21.
Rxa4 Nc6 22. c3 Bd6 23. Rfa1 a5 24. b4 d4 25. b5 dxe3 26. bxc6+ Kxc6 27. Nd3
Rhb8 28. Kf1 Rb3 29. Ke2 Rxc3 30. Rxa5 Rb8 31. Ra6+ Kd7 32. Ra7+ Bc7 33. Kxe3
Rbb3 34. Rd1 Kc6 35. Ra4 Rc2 36. Rd2 Rc1 37. Ke4 Rf1 38. Rc4+ Kb6 39. Rdc2 Bb8
40. Rb2 1/2-1/2

[Event "9th NATO Chess Championship"]
[Site "Portsmouth"]
[Date "1998.10.06"]
[Round "2"]
[White "Wagenaar, Harm Theo"]
[Black "Kruml, (VS)."]
[Result "0-1"]
[WhiteElo "1877"]
[BlackElo "2116"]
[PlyCount "32"]
[EventDate "1998.10.??"]
[EventType "swiss"]
[EventRounds "7"]
[EventCountry "ENG"]
[SourceDate "2005.09.12"]

1. d4 d6 2. Nf3 Bg4 3. e3 Nd7 4. Be2 Ngf6 5. b3 e5 6. dxe5 dxe5 7. O-O c6 8. c4
Qc7 9. h3 Bxf3 10. Bxf3 e4 11. Be2 Qe5 12. Qd4 Bd6 13. g3 Qe6 14. Bb2 Be5 15.
Qd2 Qxh3 16. Nc3 h5 0-1

[Event "9th NATO Chess Championship"]
[Site "Portsmouth"]
[Date "1998.10.06"]
[Round "2"]
[White "Zill, Christoph"]
[Black "Geddis, Dick"]
[Result "1-0"]
[WhiteElo "2194"]
[BlackElo "1885"]
[PlyCount "38"]
[EventDate "1998.10.??"]
[EventType "swiss"]
[EventRounds "7"]
[EventCountry "ENG"]
[SourceDate "2005.09.12"]

1. e4 c5 2. Nf3 d6 3. d4 cxd4 4. Nxd4 Nf6 5. Nc3 g6 6. Be3 Bg7 7. f3 O-O 8. Qd2
Nc6 9. O-O-O Nxd4 10. Bxd4 Be6 11. Kb1 Qa5 12. Nd5 Qa4 13. Nxe7+ Kh8 14. b3 Qd7
15. Nd5 Bxd5 16. exd5 Kg8 17. g4 a5 18. a4 Rfc8 19. g5 Nxd5 1-0

[Event "9th NATO Chess Championship"]
[Site "Portsmouth"]
[Date "1998.10.06"]
[Round "3"]
[White "Benedetti, Fabrizio"]
[Black "Hortillosa, Andres"]
[Result "1-0"]
[WhiteElo "2200"]
[BlackElo "1923"]
[PlyCount "57"]
[EventDate "1998.10.??"]
[EventType "swiss"]
[EventRounds "7"]
[EventCountry "ENG"]
[SourceDate "2005.09.12"]

1. e4 c5 2. Nf3 Nc6 3. d4 cxd4 4. Nxd4 g6 5. Nc3 Bg7 6. Be3 Nf6 7. Bc4 Qa5 8.
Nxc6 dxc6 9. O-O O-O 10. Qe2 b5 11. Bd3 Qc7 12. f4 Nd7 13. Rfe1 a6 14. Qf2 Nf6
15. h3 Bb7 16. e5 Nd5 17. Nxd5 cxd5 18. Bd4 e6 19. h4 Bc8 20. h5 Bd7 21. Re3
Rfb8 22. Rh3 Bh8 23. Qh4 Be8 24. Rf3 Rb7 25. Raf1 Qd7 26. Bc5 Qc6 27. b4 Bg7
28. hxg6 h5 29. Qxh5 1-0

[Event "9th NATO Chess Championship"]
[Site "Portsmouth"]
[Date "1998.10.06"]
[Round "3"]
[White "Brokenshire, Laurie"]
[Black "Nielsen, Finn"]
[Result "1/2-1/2"]
[WhiteElo "1800"]
[BlackElo "1931"]
[PlyCount "35"]
[EventDate "1998.10.??"]
[EventType "swiss"]
[EventRounds "7"]
[EventCountry "ENG"]
[SourceDate "2005.09.12"]

1. e4 g6 2. d4 Nf6 3. Bd3 d5 4. e5 Nh5 5. c3 c5 6. Nf3 Nc6 7. h3 cxd4 8. cxd4
e6 9. O-O Be7 10. a3 Ng7 11. Nc3 h5 12. Qd2 a6 13. Ne2 Bd7 14. b4 Nf5 15. Qf4
h4 16. Qg4 Nh6 17. Qf4 Nf5 18. Qg4 1/2-1/2

[Event "9th NATO Chess Championship"]
[Site "Portsmouth"]
[Date "1998.10.06"]
[Round "3"]
[White "Charles, Freddy"]
[Black "Geddis, Dick"]
[Result "1-0"]
[WhiteElo "1789"]
[BlackElo "1885"]
[PlyCount "64"]
[EventDate "1998.10.??"]
[EventType "swiss"]
[EventRounds "7"]
[EventCountry "ENG"]
[SourceDate "2005.09.12"]

1. d4 e6 2. Nf3 Be7 3. e3 f5 4. Ne5 Nf6 5. Be2 O-O 6. Nc3 d6 7. Nd3 Qe8 8. Nf4
Kh8 9. h4 c6 10. Bc4 d5 11. Bd3 Bd6 12. h5 Nbd7 13. Bd2 Bxf4 14. exf4 Ne4 15.
Bxe4 fxe4 16. f3 exf3 17. gxf3 h6 18. Qe2 Rf5 19. O-O-O Nf6 20. Rh4 Rxh5 21.
Rdh1 Rxh4 22. Rxh4 Kh7 23. Qh2 Qg6 24. Rh3 Bd7 25. f5 exf5 26. Rg3 Qf7 27. Ne2
Rg8 28. Rh3 f4 29. Nxf4 Bxh3 30. Nxh3 Rf8 31. Ng5+ Kg8 32. Nxf7 Rxf7 1-0

[Event "9th NATO Chess Championship"]
[Site "Portsmouth"]
[Date "1998.10.06"]
[Round "3"]
[White "Costales, Charles"]
[Black "Zill, Christoph"]
[Result "0-1"]
[WhiteElo "1890"]
[BlackElo "2194"]
[PlyCount "110"]
[EventDate "1998.10.??"]
[EventType "swiss"]
[EventRounds "7"]
[EventCountry "ENG"]
[SourceDate "2005.09.12"]

1. d4 Nf6 2. c4 e5 3. dxe5 Ne4 4. Nf3 Bb4+ 5. Bd2 Nxd2 6. Nbxd2 Nc6 7. a3 Bf8
8. Ne4 b6 9. Nc3 g6 10. Qd2 Bg7 11. Qe3 O-O 12. g3 Re8 13. Bg2 Bb7 14. O-O Nxe5
15. Nxe5 Bxg2 16. Kxg2 Bxe5 17. Qd2 Bxc3 18. bxc3 Qe7 19. Rfe1 Qe4+ 20. Kg1
Qxc4 21. Rab1 d6 22. Rb4 Qc5 23. Rh4 Qe5 24. e3 Qa5 25. a4 Re5 26. Rb1 Rae8 27.
Rbb4 Qd5 28. Rhd4 Qe6 29. Rb2 d5 30. Qd1 c5 31. Rdd2 Rd8 32. Rb5 a6 33. Rb1 Rd6
34. Kg2 Re4 35. Rd3 Qd7 36. Ra1 Qc6 37. f3 Rc4 38. e4 d4 39. Qb3 Rxc3 40. Rxc3
dxc3 41. Qxc3 Rd4 42. Qb3 Qe6 43. Qxe6 fxe6 44. Rb1 Rb4 45. Ra1 Rb2+ 46. Kh3 c4
47. Kg4 Kg7 48. Rc1 b5 49. Kf4 Kf6 50. e5+ Kg7 51. Rd1 c3 52. Kg5 h6+ 53. Kg4
Rb4+ 54. f4 c2 55. Rc1 Rc4 0-1

[Event "9th NATO Chess Championship"]
[Site "Portsmouth"]
[Date "1998.10.06"]
[Round "3"]
[White "Dunlop, Chris"]
[Black "Geberl, Hans Walter"]
[Result "0-1"]
[WhiteElo "1952"]
[BlackElo "2100"]
[PlyCount "92"]
[EventDate "1998.10.??"]
[EventType "swiss"]
[EventRounds "7"]
[EventCountry "ENG"]
[SourceDate "2005.09.12"]

1. c4 c5 2. Nc3 Nf6 3. e4 d6 4. Nge2 e6 5. d4 cxd4 6. Nxd4 Be7 7. Be2 a6 8. O-O
O-O 9. Be3 Qc7 10. Rc1 b6 11. Qd2 Bb7 12. f3 Nbd7 13. Rfd1 Rac8 14. b3 Rfe8 15.
Bf1 Qb8 16. Qf2 d5 17. cxd5 exd5 18. Nxd5 Bxd5 19. exd5 Nxd5 20. Nc6 Rxc6 21.
Rxc6 Qb7 22. Rxd5 Qxc6 23. Rd2 Bf8 24. Bd4 Bb4 25. Re2 Rd8 26. Qh4 Nf6 27. Be3
a5 28. Qg3 Kh8 29. Qf2 Nd5 30. Rc2 Qg6 31. Bd4 h6 32. Kh1 Be1 33. Qe2 Nf4 34.
Qe7 Ne6 35. Re2 Bb4 36. Qxd8+ Nxd8 37. Re8+ Kh7 38. Rxd8 Qb1 39. Kg1 Qd1 40.
Bxb6 Bc5+ 41. Bxc5 Qxd8 42. Bc4 Qd1+ 43. Bf1 Qc2 44. b4 Qc3 45. a3 Qxa3 46.
bxa5 Qxc5+ 0-1

[Event "9th NATO Chess Championship"]
[Site "Portsmouth"]
[Date "1998.10.06"]
[Round "3"]
[White "Engelen, Johan"]
[Black "Kesmaecker, Philippe"]
[Result "1/2-1/2"]
[WhiteElo "1847"]
[BlackElo "2295"]
[PlyCount "120"]
[EventDate "1998.10.??"]
[EventType "swiss"]
[EventRounds "7"]
[EventCountry "ENG"]
[SourceDate "2005.09.12"]

1. e4 e6 2. d4 d5 3. Nc3 Bb4 4. e5 Qd7 5. Bd2 b6 6. a3 Bxc3 7. Bxc3 Ba6 8. Bxa6
Nxa6 9. Qd3 Nb8 10. Nf3 Ne7 11. O-O c5 12. Rfe1 Ng6 13. Rad1 c4 14. Qe3 a5 15.
b3 cxb3 16. cxb3 O-O 17. Rc1 Rc8 18. Bb2 Nc6 19. Rc2 Nd8 20. Rec1 Ne7 21. Ne1
Rxc2 22. Rxc2 Rc8 23. Qd3 Rxc2 24. Qxc2 Qc6 25. Qxc6 Ndxc6 26. a4 f6 27. f4 Kf7
28. Kf2 Nf5 29. Nc2 h5 30. g3 g5 31. Bc3 Kg6 32. Kf3 g4+ 33. Kf2 Kf7 34. Ke2 h4
35. Kf2 h3 36. Kg1 Kg6 37. Kf2 fxe5 38. fxe5 Kh5 39. Kg1 Kg5 40. Kf2 Kg6 41.
Ba1 Nd8 42. Bc3 Nf7 43. Bd2 Ng5 44. Bxg5 Kxg5 45. Kf1 Kh5 46. Kf2 Nh6 47. Ke3
Kg5 48. Kf2 Kf5 49. Ke3 Nf7 50. Kd3 Kg6 51. Ne3 Kh5 52. Nf1 Ng5 53. Ke3 Nf3 54.
Kd3 Kg5 55. Ke3 Ne1 56. Kd2 Nf3+ 57. Ke3 Kf5 58. Kd3 Kg6 59. Ke3 Kh5 60. Kd3
Kg5 1/2-1/2

[Event "9th NATO Chess Championship"]
[Site "Portsmouth"]
[Date "1998.10.06"]
[Round "3"]
[White "Falbo, Sandro"]
[Black "Plumanns, Dieter"]
[Result "1/2-1/2"]
[WhiteElo "2100"]
[BlackElo "2500"]
[PlyCount "33"]
[EventDate "1998.10.??"]
[EventType "swiss"]
[EventRounds "7"]
[EventCountry "ENG"]
[SourceDate "2005.09.12"]

1. e4 c6 2. d4 d5 3. Nc3 dxe4 4. Nxe4 Nf6 5. Nxf6+ exf6 6. Bc4 Bd6 7. Ne2 Qc7
8. Ng3 O-O 9. O-O Re8 10. c3 Nd7 11. Re1 Rxe1+ 12. Qxe1 Nf8 13. Bd2 Bd7 14. Qf1
h5 15. f4 Re8 16. Nxh5 Bg4 17. Ng3 1/2-1/2

[Event "9th NATO Chess Championship"]
[Site "Portsmouth"]
[Date "1998.10.06"]
[Round "3"]
[White "Grund"]
[Black "Hater, David"]
[Result "1-0"]
[WhiteElo "2345"]
[BlackElo "2050"]
[PlyCount "33"]
[EventDate "1998.10.??"]
[EventType "swiss"]
[EventRounds "7"]
[EventCountry "ENG"]
[SourceDate "2005.09.12"]

1. e4 e5 2. Nf3 Nc6 3. Bb5 a6 4. Ba4 Nf6 5. O-O Nxe4 6. d4 b5 7. Bb3 d5 8. dxe5
Be6 9. Nbd2 Nc5 10. c3 d4 11. Bc2 dxc3 12. bxc3 Be7 13. Qe2 O-O 14. Rd1 Qc8 15.
Ba3 Re8 16. Bxc5 Bxc5 17. Qe4 1-0

[Event "9th NATO Chess Championship"]
[Site "Portsmouth"]
[Date "1998.10.06"]
[Round "3"]
[White "Hammond, Andrew JC"]
[Black "Toumaniantz, Rouslan"]
[Result "1/2-1/2"]
[WhiteElo "2280"]
[BlackElo "2090"]
[PlyCount "39"]
[EventDate "1998.10.??"]
[EventType "swiss"]
[EventRounds "7"]
[EventCountry "ENG"]
[SourceDate "2005.09.12"]

1. d4 Nf6 2. c4 e6 3. Nf3 Bb4+ 4. Nbd2 O-O 5. g3 b6 6. Bg2 Bb7 7. O-O Bxd2 8.
Qxd2 d6 9. b3 Nbd7 10. Bb2 Ne4 11. Qc2 f5 12. Ne1 Qe7 13. Nd3 c5 14. Rad1 e5
15. dxe5 dxe5 16. f4 exf4 17. Nxf4 Ndf6 18. Nd5 Bxd5 19. cxd5 Nd6 20. Bf3
1/2-1/2

[Event "9th NATO Chess Championship"]
[Site "Portsmouth"]
[Date "1998.10.06"]
[Round "3"]
[White "Horchner, Mark"]
[Black "Nielsen, Niels Kristian"]
[Result "0-1"]
[WhiteElo "2022"]
[BlackElo "2065"]
[PlyCount "98"]
[EventDate "1998.10.??"]
[EventType "swiss"]
[EventRounds "7"]
[EventCountry "ENG"]
[SourceDate "2005.09.12"]

1. e4 e6 2. d4 d5 3. e5 c5 4. c3 Nc6 5. Nf3 Qb6 6. Be2 Nge7 7. Na3 cxd4 8. cxd4
Nf5 9. Nc2 Be7 10. a3 Na5 11. b4 Nb3 12. Rb1 Nxc1 13. Qxc1 Bd7 14. g4 Nh4 15.
Nxh4 Bxh4 16. Qe3 Rc8 17. Na1 Bb5 18. Bxb5+ Qxb5 19. Kd2 Be7 20. Rbc1 O-O 21.
Rxc8 Rxc8 22. Rc1 Rc4 23. Rxc4 Qxc4 24. Nc2 Kf8 25. f4 h6 26. Qc3 Qxc3+ 27.
Kxc3 Ke8 28. b5 f5 29. gxf5 exf5 30. Ne3 Bxa3 31. Nxf5 g5 32. Nxh6 gxf4 33. Ng4
Be7 34. h3 Bh4 35. Nh2 Kd7 36. Nf3 Be7 37. Kb3 Ke6 38. Kc3 Kf5 39. Kd3 a5 40.
bxa6 bxa6 41. Ne1 a5 42. Nf3 a4 43. Kc3 Ke4 44. h4 Kxf3 45. h5 Ke2 46. h6 f3
47. h7 f2 48. h8=Q f1=Q 49. Qh2+ Qf2 0-1

[Event "9th NATO Chess Championship"]
[Site "Portsmouth"]
[Date "1998.10.06"]
[Round "3"]
[White "Koopmeiners, Karl"]
[Black "Stuhr, Finn"]
[Result "1-0"]
[WhiteElo "1913"]
[BlackElo "1687"]
[PlyCount "77"]
[EventDate "1998.10.??"]
[EventType "swiss"]
[EventRounds "7"]
[EventCountry "ENG"]
[SourceDate "2005.09.12"]

1. d4 Nf6 2. c4 g6 3. Nc3 Bg7 4. e4 d6 5. f3 e6 6. Bg5 h6 7. Be3 Nbd7 8. Nge2
c6 9. Qd2 Nb6 10. Nc1 Qc7 11. Be2 Bd7 12. O-O O-O-O 13. b4 c5 14. bxc5 dxc5 15.
d5 Na4 16. Nxa4 Bxa4 17. Rb1 g5 18. Nd3 b6 19. Bd1 Bxd1 20. Qxd1 g4 21. a4 h5
22. a5 gxf3 23. gxf3 Nd7 24. axb6 axb6 25. Qa4 Rhg8 26. Kh1 h4 27. Qa6+ Qb7 28.
Qxb7+ Kxb7 29. Nxc5+ Nxc5 30. Bxc5 exd5 31. Rxb6+ Kc7 32. cxd5 Be5 33. Rc1 Bd6
34. Bf2+ Kd7 35. Rb7+ Ke8 36. Bxh4 Ra8 37. e5 Bxe5 38. Re7+ Kf8 39. Rxe5 1-0

[Event "9th NATO Chess Championship"]
[Site "Portsmouth"]
[Date "1998.10.06"]
[Round "3"]
[White "Kruml, (VS)."]
[Black "Gross"]
[Result "0-1"]
[WhiteElo "2116"]
[BlackElo "2340"]
[PlyCount "80"]
[EventDate "1998.10.??"]
[EventType "swiss"]
[EventRounds "7"]
[EventCountry "ENG"]
[SourceDate "2005.09.12"]

1. e4 c5 2. Nf3 Nc6 3. d4 cxd4 4. Nxd4 Nf6 5. Nc3 d6 6. Be2 e5 7. Nf3 h6 8. O-O
Be7 9. Re1 O-O 10. h3 Be6 11. Bf1 Nb8 12. Nd5 Nxd5 13. exd5 Bf5 14. c4 Nd7 15.
Be3 e4 16. Nd4 Bg6 17. b4 Ne5 18. Qb3 Rc8 19. Rac1 Qd7 20. a4 Rfe8 21. Red1 Nd3
22. Bxd3 exd3 23. a5 a6 24. b5 Bg5 25. Bxg5 hxg5 26. bxa6 bxa6 27. Qb6 g4 28.
h4 g3 29. fxg3 Qg4 30. Nf3 Qxg3 31. Qf2 Qg4 32. Nh2 Qd7 33. Re1 Rxe1+ 34. Qxe1
Re8 35. Qg3 Re2 36. Rd1 Qa4 37. Rxd3 Qa1+ 38. Nf1 Be4 39. Rf3 Bxf3 40. Qxf3
Qd4+ 0-1

[Event "9th NATO Chess Championship"]
[Site "Portsmouth"]
[Date "1998.10.06"]
[Round "3"]
[White "Lebel, Patrick"]
[Black "Schmidt, (DEN)."]
[Result "1/2-1/2"]
[WhiteElo "2165"]
[BlackElo "2043"]
[PlyCount "31"]
[EventDate "1998.10.??"]
[EventType "swiss"]
[EventRounds "7"]
[EventCountry "ENG"]
[SourceDate "2005.09.12"]

1. Nf3 Nf6 2. c4 g6 3. Nc3 Bg7 4. d4 O-O 5. Bf4 d5 6. e3 c5 7. dxc5 Qa5 8. cxd5
Nxd5 9. Be5 Nxc3 10. Qd2 Bxe5 11. Nxe5 Qxc5 12. Qxc3 Qxc3+ 13. bxc3 Nd7 14.
Nxd7 Bxd7 15. O-O-O Bc6 16. f3 1/2-1/2

[Event "9th NATO Chess Championship"]
[Site "Portsmouth"]
[Date "1998.10.06"]
[Round "3"]
[White "McAleer, Jeffrey"]
[Black "Molin, Fabio"]
[Result "1-0"]
[WhiteElo "1900"]
[BlackElo "1800"]
[PlyCount "101"]
[EventDate "1998.10.??"]
[EventType "swiss"]
[EventRounds "7"]
[EventCountry "ENG"]
[SourceDate "2005.09.12"]

1. e4 d6 2. d4 Nf6 3. Nc3 g6 4. Nf3 Bg7 5. h3 O-O 6. Bg5 Nc6 7. Qd2 e5 8. dxe5
Nxe5 9. Nxe5 dxe5 10. Qxd8 Rxd8 11. Nd5 Rxd5 12. exd5 Nxd5 13. O-O-O Be6 14. g3
h6 15. Bd2 f5 16. Rg1 Kf7 17. c4 Nf6 18. Bd3 Nd7 19. b3 e4 20. Be2 Ne5 21. Be3
a5 22. a4 b6 23. g4 Rf8 24. gxf5 Bxf5 25. Rd5 Nd3+ 26. Bxd3 exd3 27. Rxf5+ gxf5
28. Kd2 Rd8 29. Bf4 Rd7 30. Rg3 c6 31. Rxd3 Ke6 32. Rxd7 Kxd7 33. Kd3 h5 34.
Be3 c5 35. Bf4 Bd4 36. Ke2 Kc6 37. Kf3 Kd7 38. Bg3 Bf6 39. Kf4 h4 40. Bh2 Ke6
41. Kf3 Bd8 42. Bf4 Kf6 43. Bb8 Ke6 44. Kf4 Kf6 45. Bd6 Ke6 46. Be5 Bg5+ 47.
Kxg5 Kxe5 48. Kxh4 Kf4 49. Kh5 Kf3 50. Kg5 f4 51. h4 1-0

[Event "9th NATO Chess Championship"]
[Site "Portsmouth"]
[Date "1998.10.06"]
[Round "3"]
[White "Messina"]
[Black "Cadiou, Jacques"]
[Result "1/2-1/2"]
[WhiteElo "2090"]
[BlackElo "1970"]
[PlyCount "56"]
[EventDate "1998.10.??"]
[EventType "swiss"]
[EventRounds "7"]
[EventCountry "ENG"]
[SourceDate "2005.09.12"]

1. e4 e5 2. Nf3 Nc6 3. d3 Nf6 4. Be2 d5 5. Nbd2 Be7 6. O-O O-O 7. c3 h6 8. Qc2
Be6 9. b3 dxe4 10. dxe4 Nd7 11. Bc4 Bxc4 12. Nxc4 Qe8 13. Ne3 Nb6 14. b4 Bf6
15. a4 Qe6 16. a5 Nc4 17. Qb3 Nd6 18. Qc2 b5 19. Nd5 Bd8 20. Nd2 Ne7 21. Nxe7+
Bxe7 22. f3 Rfd8 23. Nb3 Nc4 24. Re1 Rd7 25. Be3 Nxe3 26. Rxe3 Rad8 27. a6 Qb6
28. Qf2 Rd1+ 1/2-1/2

[Event "9th NATO Chess Championship"]
[Site "Portsmouth"]
[Date "1998.10.06"]
[Round "3"]
[White "Nielsen, K."]
[Black "Cappon, Kaan"]
[Result "1-0"]
[WhiteElo "1925"]
[BlackElo "1690"]
[PlyCount "72"]
[EventDate "1998.10.??"]
[EventType "swiss"]
[EventRounds "7"]
[EventCountry "ENG"]
[SourceDate "2005.09.12"]

1. d4 Nf6 2. Bg5 d5 3. Nf3 Nbd7 4. e3 g6 5. Bd3 Bg7 6. O-O O-O 7. c4 c6 8. Nc3
Re8 9. cxd5 cxd5 10. Rc1 a6 11. a4 Qb6 12. Qc2 e6 13. Qb1 Nb8 14. Ne5 Nfd7 15.
Nxd7 Bxd7 16. b4 Bf8 17. b5 Kg7 18. Bf4 axb5 19. Nxb5 Bxb5 20. axb5 Bd6 21.
Bxd6 Qxd6 22. Qc2 Nd7 23. Qc7 Qa3 24. Rc3 Qb2 25. Rc2 Qb3 26. Qxd7 Qxd3 27. Rc7
Rf8 28. Rxb7 Ra2 29. Qxe6 Rb2 30. h3 Rxb5 31. Qe5+ Kg8 32. Rxb5 Qxb5 33. Rc1
Re8 34. Qd6 Re6 35. Rc8+ Kg7 36. Qf8+ Kf6 1-0

[Event "9th NATO Chess Championship"]
[Site "Portsmouth"]
[Date "1998.10.06"]
[Round "3"]
[White "Parnet, Arnaud"]
[Black "Foulds, Andrew"]
[Result "0-1"]
[WhiteElo "1990"]
[BlackElo "1760"]
[PlyCount "58"]
[EventDate "1998.10.??"]
[EventType "swiss"]
[EventRounds "7"]
[EventCountry "ENG"]
[SourceDate "2005.09.12"]

1. c4 Nf6 2. Nc3 e6 3. g3 d5 4. Bg2 Be7 5. Qa4+ Bd7 6. Qb3 Bc6 7. d4 O-O 8. c5
b6 9. cxb6 axb6 10. Nf3 Nbd7 11. O-O Qb8 12. Bd2 b5 13. Qc2 b4 14. Nd1 Bb5 15.
Re1 Rc8 16. b3 c5 17. dxc5 Bxc5 18. Qb2 Qa7 19. Be3 Bxe3 20. Nxe3 Ne4 21. Nd4
Nc3 22. Nxb5 Nxb5 23. Rec1 Rxc1+ 24. Qxc1 Nc3 25. Qd2 Qa6 26. Bf1 Nc5 27. Nc2
Qb6 28. Nd4 N5e4 29. Qb2 Qxd4 0-1

[Event "9th NATO Chess Championship"]
[Site "Portsmouth"]
[Date "1998.10.06"]
[Round "3"]
[White "Schunke, (GER)."]
[Black "Baudin, Frederic"]
[Result "1/2-1/2"]
[WhiteElo "2035"]
[BlackElo "2205"]
[PlyCount "37"]
[EventDate "1998.10.??"]
[EventType "swiss"]
[EventRounds "7"]
[EventCountry "ENG"]
[SourceDate "2005.09.12"]

1. d4 d5 2. Nf3 Nf6 3. c4 dxc4 4. Nc3 a6 5. a4 Nc6 6. e3 Na5 7. Ne5 c5 8. Bxc4
Nxc4 9. Nxc4 e6 10. O-O Be7 11. a5 O-O 12. Qf3 Qc7 13. Nb6 Rb8 14. d5 Bd6 15.
h3 exd5 16. Ncxd5 Nxd5 17. Nxd5 Qc6 18. e4 Be6 19. Bd2 1/2-1/2

[Event "9th NATO Chess Championship"]
[Site "Portsmouth"]
[Date "1998.10.06"]
[Round "3"]
[White "Steffers, Hendrik"]
[Black "Hamann, Carsten"]
[Result "0-1"]
[WhiteElo "1864"]
[BlackElo "2148"]
[PlyCount "66"]
[EventDate "1998.10.??"]
[EventType "swiss"]
[EventRounds "7"]
[EventCountry "ENG"]
[SourceDate "2005.09.12"]

1. d4 Nf6 2. c4 g6 3. Nc3 d5 4. e3 Bg7 5. Nf3 c5 6. cxd5 Nxd5 7. Bb5+ Nc6 8.
Bxc6+ bxc6 9. O-O O-O 10. Qa4 Nxc3 11. bxc3 cxd4 12. cxd4 Be6 13. Ba3 Bd5 14.
Rab1 Re8 15. Bc5 Qd7 16. Ne5 Qe6 17. f4 f6 18. e4 Bxe4 19. Rbe1 Qd5 20. Nf3 e5
21. fxe5 fxe5 22. Qb3 exd4 23. Nxd4 a5 24. Rd1 Bxg2 25. Rf2 Qxb3 26. Nxb3 Bd5
27. Rdf1 a4 28. Nc1 h6 29. Rf4 Re4 30. Nd3 Rae8 31. a3 Bc4 32. R1f3 Bxd3 33.
Rxd3 Rxf4 0-1

[Event "9th NATO Chess Championship"]
[Site "Portsmouth"]
[Date "1998.10.06"]
[Round "3"]
[White "Toll, Alec J"]
[Black "Tia, Rudy G"]
[Result "0-1"]
[WhiteElo "2100"]
[BlackElo "2055"]
[PlyCount "128"]
[EventDate "1998.10.??"]
[EventType "swiss"]
[EventRounds "7"]
[EventCountry "ENG"]
[SourceDate "2005.09.12"]

1. b3 e5 2. Bb2 d6 3. e3 f5 4. Be2 Nf6 5. Nh3 Be7 6. f4 e4 7. O-O d5 8. c4 c6
9. Na3 Be6 10. Rc1 O-O 11. Ng5 Bd7 12. Nb1 h6 13. Nh3 Be6 14. Nc3 Kh8 15. cxd5
Nxd5 16. Nf2 Bf6 17. g4 g6 18. Kh1 Nd7 19. Rg1 Rg8 20. Qf1 Qe7 21. Qh3 Qh7 22.
g5 hxg5 23. Rxg5 Qxh3 24. Nxh3 Kg7 25. Rcg1 Kf7 26. R5g2 Nf8 27. Ng5+ Ke7 28.
Bc4 Nxc3 29. Nxe6 Nd5 30. Nxf8 Bxb2 31. Nxg6+ Kf6 32. Nh4 Rxg2 33. Nxg2 Nb4 34.
Rb1 Ba3 35. Be2 Rd8 36. Rd1 Nxa2 37. Ne1 Bc1 38. d3 Bxe3 39. dxe4 Rxd1 40. e5+
Ke6 41. Bxd1 Bxf4 42. Nd3 Be3 43. Kg2 a5 44. Kf3 Bd4 45. h4 Nb4 46. Nxb4 axb4
47. Kf4 Bxe5+ 48. Kg5 f4 49. Bf3 Bd6 50. h5 Ke5 51. h6 Be7+ 52. Kg4 Bf8 53. h7
Bg7 54. Kg5 c5 55. Kg4 b5 56. Be2 c4 57. Kf3 Kd4 58. Kxf4 c3 59. Bd1 Kd3 60.
Kf3 c2 61. Bxc2+ Kxc2 62. Ke3 Kxb3 63. Kd3 Ka3 64. h8=Q Bxh8 0-1

[Event "9th NATO Chess Championship"]
[Site "Portsmouth"]
[Date "1998.10.06"]
[Round "3"]
[White "Van Diermen, Henk"]
[Black "Nielsen, Henrik"]
[Result "1/2-1/2"]
[WhiteElo "1760"]
[BlackElo "2095"]
[PlyCount "44"]
[EventDate "1998.10.??"]
[EventType "swiss"]
[EventRounds "7"]
[EventCountry "ENG"]
[SourceDate "2005.09.12"]

1. c4 Nf6 2. Nc3 c6 3. e4 d6 4. d4 g6 5. Be2 Bg7 6. f4 Qa5 7. Bd2 Qb6 8. Nf3
O-O 9. Qc2 Bg4 10. Be3 Nfd7 11. O-O-O e5 12. Na4 Qc7 13. dxe5 dxe5 14. f5 Na6
15. a3 Nb6 16. Nxb6 axb6 17. h3 Bxf3 18. Bxf3 Rfd8 19. g4 Rxd1+ 20. Rxd1 Rd8
21. g5 Bf8 22. b4 Nb8 1/2-1/2

[Event "9th NATO Chess Championship"]
[Site "Portsmouth"]
[Date "1998.10.06"]
[Round "3"]
[White "Vercauteren, Daniel"]
[Black "McInnes, Neil"]
[Result "0-1"]
[WhiteElo "1690"]
[BlackElo "1887"]
[PlyCount "38"]
[EventDate "1998.10.??"]
[EventType "swiss"]
[EventRounds "7"]
[EventCountry "ENG"]
[SourceDate "2005.09.12"]

1. e4 d6 2. d4 Nf6 3. Nc3 g6 4. Bd3 c6 5. Nge2 e5 6. O-O Bg7 7. Kh1 O-O 8. f4
Ng4 9. h3 exd4 10. hxg4 dxc3 11. bxc3 Bxg4 12. Qe1 Qa5 13. Bd2 Nd7 14. Ng3 Rae8
15. a4 Nc5 16. c4 Qd8 17. Ra3 f5 18. Nxf5 gxf5 19. Qg3 Nxe4 0-1